الشعر العباسي : (Record no. 7048)
[ view plain ]
| 000 -الفاتح | |
|---|---|
| حقل البيانات ثابتة الطول | 01595cam a22003131a 4500 |
| 003 - محدد رقم الضبط | |
| رقم الضبط | EG-ScBUE |
| 005 - وقت وتاريخ اخر تعامل مع التسجيلة | |
| رقم الضبط | 20200122102330.0 |
| 008 - عناصر البيانات ثابتة الطول - معلومات عامة | |
| حقل البيانات ثابتة الطول | 110905s1987 ua f b 000 1 ara d |
| 017 ## - رقم الإيداع القانونى | |
| رقم الإيداع القانونى | 1987/7917 |
| 020 ## - الرقم الدولى المعيارى للكتب | |
| الرقم الدولى المعيارى للكتاب | 9770222526 |
| 040 ## - مصدر الفهرسة | |
| وكالة الفهرسة الأصلية | EG-ScBUE |
| لغة الفهرسة | ara |
| قواعد الوصف | rda |
| وكالة التعديل | EG-ScBUE |
| وكالة النسخ | EG-ScBUE |
| 082 04 - رقم تصنيف ديوى العشرى | |
| رقم التصنيف | 892.713409 |
| رقم المادة | أ ن و |
| رقم الطبعة | 22 |
| 100 1# - المدخل الرئيسى - إسم شخصى | |
| الإسم الشخصى | أبو الأنوار، محمد، |
| الدور | مؤلف. |
| 9 (RLIN) | 15968 |
| 245 12 - بيان العنوان | |
| العنوان | الشعر العباسي : |
| بقية العنوان | تطوره وقيمه الفنية : دراسة تاريخية تحليلية للاتجاهات الكبرى في الشعر وزعمائها من الشعراء من بشار بن برد إلى أبي الطيب المتنبي / |
| بيان المسئوليه,etc | تأليف الدكتور محمد أبو الأنوار، أستاذ ورئيس قسم الدراسات الأدبية، كلية دار العلوم، جامعة القاهرة. |
| 250 ## - بيان الطبعة | |
| بيان الطبعة | الطبعة الثانية، |
| بقية بيان الطبعة | مزيدة ومنقحة. |
| 264 #1 - النشر، التوزيع | |
| مكان الناشر او الموزع | القاهرة : |
| اسم الناشر او الموزع | دار المعارف، |
| تاريخ النشر أو التوزيع | 1987. |
| 300 ## - الوصف المادى | |
| التعداد | 500 صفحة ؛ |
| أبعاد الوعاء | 24 سم |
| 336 ## - نوع المحتوى | |
| source | rdacontent |
| Carrier Type Term | نص |
| Content Type Code | txt |
| 337 ## - نوع الوسيط | |
| source | rdamedia |
| Media Type Term | بدون وسيط |
| Media Type Code | n |
| 338 ## - نوع الحامل أو الناقل | |
| source | rdacarrier |
| Carrier Type Term | مجلد |
| Carrier Type Code | nc |
| 504 ## - تبصرة ببليوجرافية | |
| تبصرة ببليوجرافية,الخ | يشتمل على إرجاعات ببليوجرافية. |
| 590 ## - تبصرة محلية(RLIN) | |
| تبصرة محلية | mahmoud sami |
| 600 17 - المدخل الاضافى بالموضوع-اسم شخصى | |
| الإسم الشخصى | متنبي، أبو الطيب أحمد بن الحسين، |
| التواريخ المصاحبة للاسم | 303-354 هـ. |
| 600 07 - المدخل الاضافى بالموضوع-اسم شخصى | |
| الإسم الشخصى | بشار بن برد، |
| التواريخ المصاحبة للاسم | 95-167 هـ. |
| 650 #7 - المدخل الاضافى بالموضوع-مصطلح موضوعى | |
| مصطلح موضوعي أو اسم جغرافي كعنصر مدخل | الشعر العربي |
| التقسيم الفرعي العام | تاريخ ونقد |
| التقسيم الفرعي الزمني | العصر العباسي. |
| مصدر الرأس أو المصطلح | BUEsh |
| 9 (RLIN) | 16153 |
| 653 ## - مصطلح تكشيفى غير مقيد | |
| Resource For college | Arabic Literature |
| Arrived date list | January2020 |
| 655 ## - مصطلح تكشيفى-نوع/شكل | |
| التقسيم الفرعي الشكلي | Reading book |
| 942 ## - عناصر المدخل الإضافي( كوها) | |
| Koha [default] item type | Book - Borrowing |
| سابقة رقم الطلب | 892.713409 أ ن و |
| مصدر التصنيف او مخطط الترفيف | Dewey Decimal Classification |
| حالة التراجع | حالة الفقد | مصدر التصنيف او خطة الترفيف | حالة تلف | ليس للاعارة | مجموعات كوها | المكان الدائم | المكان الحالي | موقع الترفيف | تاريخ الاكتساب | Source of acquisition | رقم الاستدعاء | الباركود | Date last seen | مُعار | نوع الوعاء |
|---|---|---|---|---|---|---|---|---|---|---|---|---|---|---|---|
| Dewey Decimal Classification | Alef-Baa | Central Library | Central Library | Second Floor | 07/12/2011 | Purchase | 892.713409 أ ن و | 000008635 | 15/07/2025 | 21/10/2017 | Book - Borrowing |